[Event "AUTO-ADV-4818"]
[Site "http://www.queenalice.com/game.php?id=1845009"]
[Date "2024.10.9"]
[Round "1"]
[White "Sigmund"]
[Black "serrameira"]
[Result "0-1"]
[WhiteElo "1817"]
[BlackElo "2021"]

1. e4 e5 2. Nf3 Nf6 3. Nc3 Nc6 4. a3 a6 5. Be2 Bd6 6. O-O h6 7. d4 exd4 8. Nxd4
Nxd4 9. Qxd4 Qe7 10. Bd3 Be5 11. Qc4 c6 12. Be2 O-O 13. Be3 Bxc3 14. Qxc3 Nxe4
15. Qd4 d5 16. f3 Nf6 17. Qc3 Rd8 18. Kh1 Re8 19. Bd4 Bf5 20. Rae1 Qd8 21. Rf2
Re6 22. Bd3 Bxd3 23. Rxe6 fxe6 24. Qxd3 Ne8 25. Qg6 Qe7 26. Re2 Nc7 27. f4 Qf7
28. Qg3 Rf8 29. Be5 Ne8 30. h4 Nf6 31. Rf2 Ne4 32. Qf3 Nxf2+ 33. Qxf2 Rc8 34. c3
c5 35. g4 b5 36. Kh2 Qg6 37. g5 h5 38. Qg2 Kh7 39. Qf2 Qe4 40. Qg3 g6 41. Qh3
Qe2+ 42. Qg2 Qxg2+ 43. Kxg2 a5 44. b3 Kg8 45. Kf3 Kf7 46. Ke3 Ke7 47. Kd3 Kd7
48. Kc2 Kc6 49. Kd3 b4 50. axb4 axb4 51. c4 d4 52. Kc2 Rd8 53. Kd3 Ra8 54. Kc2
Ra2+ 0-1

[Event "AUTO-ADV-4818"]
[Site "http://www.queenalice.com/game.php?id=1845010"]
[Date "2024.10.9"]
[Round "1"]
[White "serrameira"]
[Black "Sigmund"]
[Result "1-0"]
[WhiteElo "1966"]
[BlackElo "1822"]

1. e4 e5 2. Nf3 Nc6 3. Bc4 h6 4. O-O Nf6 5. d4 Nxe4 6. Nxe5 Nxe5 7. dxe5 Ng5 8.
Qh5 g6 9. Qe2 Be7 10. f4 Ne6 11. Bxe6 dxe6 12. Rd1 Bd7 13. Nc3 c6 14. Ne4 Qc7
15. Nd6+ Bxd6 16. Rxd6 O-O-O 17. Be3 Kb8 18. Rad1 Rhf8 19. Bc5 Rh8 20. R6d2 h5
21. Bd6 1-0

[Event "AUTO-ADV-4818"]
[Site "http://www.queenalice.com/game.php?id=1845023"]
[Date "2024.10.9"]
[Round "1"]
[White "zubarev"]
[Black "serrameira"]
[Result "1-0"]
[WhiteElo "1846"]
[BlackElo "1990"]

1. d4 d5 2. Nc3 Nc6 3. Nf3 Nf6 4. e3 e6 5. Bb5 Bd7 6. Bxc6 Bxc6 7. Ne5 Bd7 8.
O-O Bd6 9. f4 Bc8 10. Bd2 O-O 11. Qf3 Nd7 12. Rae1 Nxe5 13. fxe5 Be7 14. e4 b6
15. exd5 exd5 16. Nxd5 Be6 17. Nxe7+ Qxe7 18. b3 f6 19. exf6 Rxf6 20. Qxa8+ 1-0

[Event "AUTO-ADV-4818"]
[Site "http://www.queenalice.com/game.php?id=1845024"]
[Date "2024.10.9"]
[Round "1"]
[White "serrameira"]
[Black "zubarev"]
[Result "1-0"]
[WhiteElo "1976"]
[BlackElo "1885"]

1. e4 e5 2. Nf3 Nc6 3. c3 d6 4. Bc4 Be7 5. O-O Nf6 6. Re1 Bg4 7. h3 Be6 8. Bxe6
fxe6 9. d4 exd4 10. Nxd4 O-O 11. Nxc6 bxc6 12. Nd2 e5 13. Nf3 Qc8 14. Bg5 h6 15.
Bd2 Qe6 16. b3 Nh5 17. Rc1 Nf4 18. Bxf4 Rxf4 19. c4 Raf8 20. Rc3 R8f6 21. Ree3
Rg6 22. Kf1 Rgf6 23. Rc2 Rg6 24. Ng1 Rff6 25. Rf3 Qf7 26. Rcc3 Rxf3 27. Rxf3 Qe6
28. Rf5 Rf6 29. Rxf6 Bxf6 30. f3 Bg5 31. Qe1 d5 32. cxd5 cxd5 33. Qa5 Qc6 34.
Qxd5+ Qxd5 35. exd5 Kf7 36. Ne2 Ke7 37. Nc3 a6 38. Ke2 Kd6 39. Kd3 Kc5 40. a3
Bc1 41. a4 Bf4 42. h4 h5 43. g4 g6 44. gxh5 gxh5 45. Kc2 Bg3 46. Ne4+ Kxd5 47.
Nxg3 Kd4 48. Kd2 c5 49. Nxh5 c4 50. bxc4 Kxc4 51. Nf6 Kb4 52. h5 1-0

[Event "AUTO-ADV-4818"]
[Site "http://www.queenalice.com/game.php?id=1845033"]
[Date "2024.10.9"]
[Round "1"]
[White "serrameira"]
[Black "jenyasm"]
[Result "1-0"]
[WhiteElo "1958"]
[BlackElo "1746"]

1. e4 e5 2. Nf3 Nc6 3. Bc4 h6 4. O-O d6 5. d4 exd4 6. Nxd4 Nxd4 7. Qxd4 a6 8.
Bd2 Nf6 9. f3 b6 10. a3 Bb7 11. Re1 Be7 12. Nc3 O-O 13. Rad1 Nh5 14. Nd5 Rb8 15.
Nxe7+ Qxe7 16. Bc3 Qg5 17. Qe3 Qxe3+ 18. Rxe3 Nf4 19. e5 dxe5 20. Rxe5 Ng6 21.
Re3 c6 22. Rd7 Rfd8 23. Bxf7+ Kh7 24. Bxg6+ Kxg6 25. Rxg7+ 1-0

[Event "AUTO-ADV-4818"]
[Site "http://www.queenalice.com/game.php?id=1845034"]
[Date "2024.10.9"]
[Round "1"]
[White "jenyasm"]
[Black "serrameira"]
[Result "0-1"]
[WhiteElo "1747"]
[BlackElo "1983"]

1. e4 e5 2. Nf3 Nf6 3. d3 Nc6 4. Nc3 Bc5 5. h3 d5 6. exd5 Nxd5 7. Nxd5 Qxd5 8.
b3 Nd4 9. Nxd4 Qxd4 10. Rb1 Qxf2# 0-1

[Event "AUTO-OPEN-4558"]
[Site "http://www.queenalice.com/game.php?id=1846547"]
[Date "2024.11.2"]
[Round "1"]
[White "serrameira"]
[Black "game"]
[Result "1-0"]
[WhiteElo "2014"]
[BlackElo "1531"]

1. e4 d6 2. d4 Nc6 3. d5 Nb4 4. a3 Na6 5. Bxa6 bxa6 6. Nc3 e6 7. Nf3 exd5 8.
Nxd5 Nf6 9. Bg5 c6 10. Bxf6 gxf6 11. Nc3 Bg4 12. h3 Be6 13. O-O Bc4 14. Re1 d5
15. exd5+ Kd7 16. Qd4 Bxd5 17. Nxd5 Bd6 18. Nxf6+ Kc7 19. Red1 Qe7 20. Re1 Qf8
21. Rad1 Rd8 22. Qxa7+ Kc8 23. Qxa6+ Kc7 24. Qa7+ Kc8 25. Nd4 Qh6 26. Ne4 Be5
27. Qa8+ Kc7 28. Qa5+ Kd7 29. Nf5+ Ke6 30. Nxh6 Ra8 31. Ng5+ Kf6 32. Qxe5+ Kg6
33. Rd6+ Kh5 34. g4+ Kh4 35. Kh2 Rae8 36. Nf3# 1-0

[Event "AUTO-OPEN-4558"]
[Site "http://www.queenalice.com/game.php?id=1846548"]
[Date "2024.11.2"]
[Round "1"]
[White "game"]
[Black "serrameira"]
[Result "0-1"]
[WhiteElo "1568"]
[BlackElo "2016"]

1. e4 e5 2. Nf3 Nf6 3. d4 exd4 4. Bc4 Bc5 5. Ng5 O-O 6. Qd3 d5 7. exd5 h6 8. Ne4
Nxe4 9. Qxe4 Re8 10. Qxe8+ Qxe8+ 11. Be2 c6 12. Na3 Bxa3 13. bxa3 Bf5 14. O-O d3
15. Bxd3 Bxd3 16. cxd3 cxd5 17. Be3 Nc6 18. Rab1 d4 19. Bf4 b6 20. Rbe1 Qd7 21.
Rc1 Rc8 22. Rfe1 Qd5 23. Rcd1 Qxa2 24. g3 Qxa3 25. Re4 Qb3 26. Bd6 Qxd1+ 27. Kg2
Qxd3 28. Rg4 h5 29. Rg5 Qe4+ 30. Kh3 Qe6+ 31. g4 hxg4+ 32. Kh4 Qxd6 33. Rxg4
Qxh2+ 34. Kg5 f6+ 35. Kf5 Qh3 36. f4 Ne7+ 37. Ke4 Qxg4 0-1

[Event "AUTO-OPEN-4558"]
[Site "http://www.queenalice.com/game.php?id=1846549"]
[Date "2024.11.2"]
[Round "1"]
[White "serrameira"]
[Black "dosoldini"]
[Result "0-1"]
[WhiteElo "2034"]
[BlackElo "1395"]

1. e4 e5 2. Nf3 Nc6 3. Bc4 h6 4. d4 Qf6 5. dxe5 Nxe5 6. Nxe5 Qxe5 7. Bd3 d6 8.
O-O a6 9. Nc3 Be6 10. g3 Nf6 11. Bf4 Qc5 12. Be3 Bg4 13. Ne2 Qh5 14. Qe1 g5 15.
Nd4 Bh3 16. Be2 g4 17. f3 Bxf1 18. Qxf1 gxf3 19. Bxf3 Ng4 20. Qe2 Rg8 21. Bf4
O-O-O 22. Qg2 Qc5 23. c3 b5 24. h3 Nf6 25. Be3 Be7 26. Qe2 Rxg3+ 27. Kh2 Rg6 28.
Ne6 Qe5+ 29. Bf4 Qxe6 30. e5 Nd7 31. Bg4 Qd5 32. Bf3 Qc5 33. Be3 Qxe5+ 34. Kh1
Nf6 35. Qf2 Rg3 36. Bg2 Rdg8 37. Rg1 Rxe3 38. Rf1 Rg5 39. h4 Ng4 40. Qg1 Rh5 0-1

[Event "AUTO-OPEN-4558"]
[Site "http://www.queenalice.com/game.php?id=1846550"]
[Date "2024.11.2"]
[Round "1"]
[White "dosoldini"]
[Black "serrameira"]
[Result "0-1"]
[WhiteElo "1399"]
[BlackElo "2018"]

1. e4 e5 2. Bc4 Nf6 3. Nf3 Bc5 4. Ng5 O-O 5. h3 h6 6. Nf3 Nxe4 7. O-O Nc6 8. d3
Nd6 9. Qe1 Nxc4 10. dxc4 Re8 11. Nc3 Bd4 12. Ne4 d5 13. cxd5 Ne7 14. c4 Bf5 15.
Nxd4 exd4 16. Nf6+ gxf6 17. Bxh6 Bd3 18. b4 Bxf1 19. Qxf1 Kh7 20. Qc1 Nf5 21.
Bf4 Kh8 22. Qd1 Rg8 23. Qh5+ Kg7 24. g4 Rh8 25. Qxf5 Rxh3 26. g5 Qc8 27. Qxf6+
Kf8 28. Kf1 Qg4 29. Bd6+ cxd6 0-1

[Event "AUTO-OPEN-4558"]
[Site "http://www.queenalice.com/game.php?id=1846551"]
[Date "2024.11.2"]
[Round "1"]
[White "serrameira"]
[Black "askasl159"]
[Result "0-1"]
[WhiteElo "2004"]
[BlackElo "1834"]

1. e4 e5 2. Nf3 Nc6 3. Bc4 h6 4. Nc3 Nf6 5. d4 exd4 6. Nxd4 Nxd4 7. Qxd4 c5 8.
Qd3 Be7 9. e5 Nh7 10. O-O O-O 11. Re1 Bg5 12. Ne4 Bxc1 13. Raxc1 b6 14. Nd6 Ng5
15. Kh1 Ne6 16. Nxc8 Rxc8 17. Rcd1 Nd4 18. c3 Ne6 19. f4 Nxf4 20. Qe4 g5 21. Rd6
Rc7 22. g3 Ne6 23. Bxe6 fxe6 24. Qg6+ Kh8 25. Qxh6+ Kg8 26. Qxg5+ Qxg5 0-1

[Event "AUTO-OPEN-4558"]
[Site "http://www.queenalice.com/game.php?id=1846552"]
[Date "2024.11.2"]
[Round "1"]
[White "askasl159"]
[Black "serrameira"]
[Result "0-1"]
[WhiteElo "1963"]
[BlackElo "1980"]

1. e4 e5 2. f4 exf4 3. Nf3 Nc6 4. d4 d5 5. e5 Bf5 6. Bd3 Bxd3 7. Qxd3 Nge7 8.
Bxf4 h6 9. h3 Ng6 10. Bg3 Be7 11. a3 O-O 12. O-O a6 13. c4 dxc4 14. Qxc4 Na5 15.
Qc3 b6 16. Nbd2 Rc8 17. b4 Nb7 18. Ne4 Re8 19. Rf2 Qd5 20. Re2 Nd8 21. Rae1 Ne6
22. a4 c6 23. Rc2 Rc7 24. Qc4 Qxc4 25. Rxc4 Rec8 26. Rec1 b5 27. axb5 axb5 28.
R4c2 Bxb4 29. Rb1 Ba5 30. Nd6 Rd8 31. Rxb5 cxb5 32. Rxc7 Bxc7 33. Nxb5 Bb6 34.
Bf2 Ngf4 35. Kf1 Nd3 36. Nd6 Nxf2 37. Kxf2 Bxd4+ 38. Nxd4 Nxd4 39. Ke3 Nc6 40.
Ke4 f6 41. Nb7 Rd4+ 42. Kf5 fxe5 43. Nc5 Kf7 44. g3 g6# 0-1

[Event "AUTO-ADV-4818"]
[Site "http://www.queenalice.com/game.php?id=1846877"]
[Date "2024.11.8"]
[Round "2"]
[White "chessman"]
[Black "serrameira"]
[Result "1-0"]
[WhiteElo "1951"]
[BlackElo "1981"]

1. e4 e5 2. Nf3 Nf6 3. Nxe5 Qe7 4. Nf3 Nxe4 5. Be2 Qc5 6. O-O d5 7. d4 Qb6 8. c3
Bg4 9. Ne5 Bxe2 10. Qxe2 Bd6 11. Nd3 O-O 12. Nd2 Nxd2 13. Qxd2 Nd7 14. Re1 Rae8
15. b3 Rxe1+ 16. Qxe1 Nf6 17. Bg5 Ne4 18. Be3 Qb5 19. Nf4 Qc6 20. Rc1 b5 21. f3
Re8 22. fxe4 dxe4 23. c4 bxc4 24. bxc4 f5 25. d5 Qa4 26. c5 Be5 27. Qd2 Qd7 28.
Ne6 c6 29. Nf4 Bxf4 30. Bxf4 Qxd5 31. Qxd5+ cxd5 32. c6 d4 33. c7 Rc8 34. Kf2 h6
35. Rb1 g5 36. Rb8 1-0

[Event "AUTO-ADV-4818"]
[Site "http://www.queenalice.com/game.php?id=1846878"]
[Date "2024.11.8"]
[Round "2"]
[White "serrameira"]
[Black "chessman"]
[Result "1-0"]
[WhiteElo "2036"]
[BlackElo "2052"]

1. e4 e6 2. d4 d5 3. exd5 exd5 4. Nf3 Nf6 5. Bg5 c6 6. Nc3 Be7 7. Bd3 O-O 8. O-O
Re8 9. Re1 Nbd7 10. Ne5 Nf8 11. Nf3 Be6 12. Ne5 Rc8 13. a3 h6 14. Bxf6 Bxf6 15.
Qh5 Bxe5 16. Rxe5 Nd7 17. Re3 Nf6 18. Qe2 Qb6 19. Na4 Nd7 20. Nxb6 1-0

[Event "AUTO-ADV-4818"]
[Site "http://www.queenalice.com/game.php?id=1846883"]
[Date "2024.11.8"]
[Round "2"]
[White "serrameira"]
[Black "zubarev"]
[Result "1-0"]
[WhiteElo "2020"]
[BlackElo "2026"]

1. e4 e5 2. Nf3 Nc6 3. Nc3 d6 4. Bb5 Bd7 5. d4 exd4 6. Nxd4 Be7 7. O-O Nf6 8.
Re1 O-O 9. h3 Ne5 10. Bxd7 Nfxd7 11. Nf3 f5 12. exf5 Rxf5 13. Nxe5 Nxe5 14. Nd5
Bf8 15. Bf4 Ng6 16. Bg3 c6 17. Ne3 Rf7 18. Nc4 d5 19. Ne5 Nxe5 20. Bxe5 Bd6 21.
Qd4 Bxe5 22. Qxe5 Qb6 23. Re2 Raf8 24. Rf1 Rf5 25. Qe6+ Kh8 26. Qxf5 Rg8 27. b3
Qa6 28. Rfe1 Qxa2 29. Qf7 h6 30. Qxb7 Qa5 31. Qxc6 Rd8 32. Qg6 Rf8 33. Re8 Qc5
34. Rxf8+ 1-0

[Event "AUTO-ADV-4818"]
[Site "http://www.queenalice.com/game.php?id=1846884"]
[Date "2024.11.8"]
[Round "2"]
[White "zubarev"]
[Black "serrameira"]
[Result "1-0"]
[WhiteElo "2054"]
[BlackElo "2029"]

1. d4 d5 2. Nc3 Nf6 3. Nf3 e6 4. e3 Bb4 5. Bd2 Ne4 6. Nxe4 dxe4 7. Ne5 Bxd2+ 8.
Qxd2 Nd7 9. Rd1 O-O 10. Nxd7 Qxd7 11. g3 b6 12. Bg2 Bb7 13. O-O Rfd8 14. c3 e5
15. Qc2 exd4 16. Bxe4 Bxe4 17. Qxe4 d3 18. Rd2 c5 19. c4 Rac8 20. Rfd1 Qa4 21.
Rxd3 Qxd1+ 22. Rxd1 Rxd1+ 23. Kg2 Rd7 24. b3 g6 25. h4 Kf8 26. Qe5 Kg8 27. h5
gxh5 28. Qxh5 Re8 29. Qg4+ 1-0

[Event "AUTO-ADV-4818"]
[Site "http://www.queenalice.com/game.php?id=1846885"]
[Date "2024.11.8"]
[Round "2"]
[White "serrameira"]
[Black "shmurtz91"]
[Result "1-0"]
[WhiteElo "1964"]
[BlackElo "1968"]

1. e4 e5 2. Nf3 d6 3. Bc4 c6 4. d4 d5 5. exd5 cxd5 6. Bb5+ Bd7 7. Bxd7+ Nxd7 8.
Nxe5 Bd6 9. Nxd7 Qxd7 10. O-O Ne7 11. Nc3 Qc6 12. Bd2 O-O 13. a3 Nf5 14. Ne2
Rae8 15. c3 Re6 16. Nf4 Rh6 17. Nh5 Re6 18. Re1 Bc7 19. Rxe6 fxe6 20. Qg4 Qd7
21. Re1 g6 22. Bf4 Bd8 23. Bg5 Qf7 24. Bxd8 Rxd8 25. Qg5 Rf8 26. Nf4 Re8 27. g4
Ng7 28. h4 Rf8 29. Nh3 Ne8 30. f4 Nd6 31. h5 Ne4 32. Qe5 h6 33. hxg6 Qxg6 34.
Kh2 Rf5 35. Qb8+ Rf8 36. Qxb7 Nd2 37. Kh1 Nf3 38. Re2 Qd3 39. Rf2 Nh4 40. Ng1
Qg3 41. Re2 Ng6 42. f5 Nf4 43. Rh2 Rf7 44. Qc8+ Rf8 45. Qd7 Qxg4 46. fxe6 Nh3
47. Rg2 1-0

[Event "AUTO-ADV-4818"]
[Site "http://www.queenalice.com/game.php?id=1846886"]
[Date "2024.11.8"]
[Round "2"]
[White "shmurtz91"]
[Black "serrameira"]
[Result "1-0"]
[WhiteElo "1988"]
[BlackElo "2053"]

1. d4 d5 2. c4 Nf6 3. Nc3 e6 4. Bg5 Nbd7 5. e4 h6 6. Bh4 Be7 7. Bxf6 Nxf6 8. e5
Nd7 9. Nf3 Nf8 10. Bd3 b6 11. Qc2 Ba6 12. b3 dxc4 13. Bxc4 b5 14. Bd3 c6 15. a4
Rb8 16. axb5 Bxb5 17. Nxb5 cxb5 18. Rxa7 Nd7 19. O-O Nb6 20. Bxb5+ Kf8 21. Rc1
Rc8 22. Rc7 Kg8 23. Rxc8 Nxc8 24. Qxc8 Kh7 25. Bd3+ g6 26. Qxd8 Rxd8 27. Rc7 Ba3
28. Rxf7+ Kg8 29. Bxg6 Bb2 30. Rf4 Kg7 31. Bd3 Bc3 32. Bc4 Kg6 33. Rf6+ Kg7 34.
h3 1-0

[Event "AUTO-OPEN-4524"]
[Site "http://www.queenalice.com/game.php?id=1849372"]
[Date "2024.12.25"]
[Round "2"]
[White "serrameira"]
[Black "BeatifulDevil56"]
[Result "0-1"]
[WhiteElo "1995"]
[BlackElo "2217"]

1. e4 e6 2. d4 d5 3. Nc3 Nf6 4. e5 Nfd7 5. Nf3 c5 6. Bd3 c4 7. Be2 a6 8. a3 Nc6
9. O-O Be7 10. Re1 b5 11. Na2 Rb8 12. c3 Na5 13. Nb4 O-O 14. Qc2 Bb7 15. Bd1 Nb3
16. Rb1 a5 17. Na2 Nxc1 18. Qxc1 Bc6 19. Qc2 Qc7 20. Nd2 f6 21. f4 f5 22. Nc1 b4
23. axb4 axb4 24. cxb4 Bxb4 25. Na2 Qa7 26. Be2 Qxd4+ 27. Kh1 Bxd2 28. Red1 Qa7
29. Qxd2 Qxa2 30. Rdc1 Nc5 31. Qc2 Ne4 32. Bd1 Ba4 33. Qe2 Bxd1 34. Rxd1 Nc3 35.
Ra1 Qxb2 36. Qxb2 Rxb2 37. Rd4 Rb1+ 38. Rxb1 Nxb1 0-1

[Event "AUTO-OPEN-4524"]
[Site "http://www.queenalice.com/game.php?id=1849373"]
[Date "2024.12.25"]
[Round "2"]
[White "BeatifulDevil56"]
[Black "serrameira"]
[Result "1-0"]
[WhiteElo "2221"]
[BlackElo "1988"]

1. c4 g6 2. Nf3 Bg7 3. d4 d6 4. e4 Bg4 5. Be2 e5 6. d5 c6 7. Nc3 Ne7 8. Be3 c5
9. O-O a6 10. Rb1 b6 11. h3 Bc8 12. Qa4+ Bd7 13. Qd1 b5 14. cxb5 axb5 15. b4 c4
16. Ra1 O-O 17. a4 bxa4 18. Bxc4 Qc7 19. Nd2 Na6 20. b5 Nc5 21. Nxa4 Nxa4 22.
Rxa4 Ra5 23. Rxa5 Qxa5 24. Qa1 Ra8 25. Qxa5 Rxa5 26. b6 Bc8 27. Rb1 Bb7 28. Bb5
Nc8 29. Bc6 Bxc6 30. dxc6 Nxb6 31. Bxb6 Ra8 32. Nc4 Bf8 33. Rb5 Ra1+ 34. Kh2 Rc1
35. Rd5 Rxc4 36. c7 Be7 37. Bc5 Rxc5 38. Rxc5 dxc5 39. c8=Q+ Bf8 40. h4 h5 41.
Kh3 Kg7 42. g3 Be7 43. f4 exf4 44. gxf4 f6 45. Qe8 Bf8 46. e5 fxe5 47. Qxe5+ Kg8
48. Qe6+ Kg7 49. f5 gxf5 50. Qxf5 Be7 51. Qxh5 Bf8 52. Qg5+ Kf7 53. h5 Be7 54.
Qg6+ Kf8 55. h6 1-0

[Event "AUTO-OPEN-4558"]
[Site "http://www.queenalice.com/game.php?id=1852910"]
[Date "2025.2.26"]
[Round "2"]
[White "serrameira"]
[Black "yamato"]
[Result "0-1"]
[WhiteElo "2013"]
[BlackElo "2298"]

1. e4 c5 2. Nf3 e6 3. d4 cxd4 4. Nxd4 Nf6 5. Nc3 d6 6. Bd3 a6 7. O-O Be7 8. b3
Qc7 9. Bb2 O-O 10. Rc1 b5 11. Nce2 Bb7 12. Ng3 Nbd7 13. Re1 Rac8 14. Nf3 Rfd8
15. e5 dxe5 16. Nxe5 Nxe5 17. Bxe5 Qc6 18. f3 Rd7 19. Ne4 Nxe4 20. fxe4 Qc5+ 21.
Kh1 Qxe5 22. Qf3 Rc3 23. Rcd1 Bd6 24. g3 h6 25. Re3 Bc5 26. Re2 f5 27. Rf1 fxe4
28. Rxe4 Bxe4 29. Qxe4 Qxe4+ 30. Bxe4 Rd2 31. Rc1 Re3 32. Bd3 Rf3 33. Rf1 Rdxd3
0-1

[Event "AUTO-OPEN-4558"]
[Site "http://www.queenalice.com/game.php?id=1852911"]
[Date "2025.2.26"]
[Round "2"]
[White "yamato"]
[Black "serrameira"]
[Result "0-1"]
[WhiteElo "2321"]
[BlackElo "1981"]

1. d4 d5 2. Nf3 Nc6 3. e3 Nf6 4. c4 Bg4 5. cxd5 Nxd5 6. Nc3 e5 7. Be2 Bb4 8. Bd2
Nxc3 9. Bxc3 Bxc3+ 10. bxc3 a6 11. h3 Bxf3 12. Bxf3 exd4 13. cxd4 Ne7 14. Bxb7
Ra7 15. Qa4+ Qd7 16. Bf3 Qxa4 0-1